[Event "World Open: 7-Day"]
[Site "Philadelphia"]
[Date "2003.07.01"]
[Round "2"]
[White "Song, Paul H"]
[Black "Ziatdinov, Rashid"]
[Result "0-1"]
[WhiteElo "2101"]
[BlackElo "2476"]
[PlyCount "64"]
[EventDate "2003.??.??"]

1. Nf3 d5 2. d4 Nf6 3. c4 e6 4. Nc3 Nbd7 5. e3 Be7 6. Bd3 dxc4 7. Bxc4 a6 8.
O-O b5 9. Bd3 Bb7 10. a4 b4 11. Ne2 c5 12. Ng3 O-O 13. Qe2 a5 14. Rd1 Qc7 15.
e4 cxd4 16. Nxd4 Rad8 17. Be3 Nc5 18. Rac1 Qb8 19. Nc6 Bxc6 20. Bxc5 Bxc5 21.
Rxc5 Bxa4 22. Ra1 Qb6 23. Rg5 h6 24. Rxg7+ Kxg7 25. e5 Qd4 26. exf6+ Kh8 27.
Be4 Bd1 28. Qf1 a4 29. Bb1 a3 30. Qb5 Qxb2 31. Qc4 Be2 32. Qe4 Rd1+ 0-1

[Event "World Open: 7-Day"]
[Site "Philadelphia"]
[Date "2003.07.01"]
[Round "2"]
[White "Kafka, Graeme"]
[Black "Fayvinov, Zakhar"]
[Result "1/2-1/2"]
[WhiteElo "2203"]
[BlackElo "2253"]
[PlyCount "75"]
[EventDate "2003.??.??"]

1. e4 d6 2. d4 Nf6 3. Nc3 e5 4. dxe5 dxe5 5. Qxd8+ Kxd8 6. Bg5 Be6 7. O-O-O+
Nbd7 8. Nf3 Bd6 9. Bb5 Kc8 10. a3 a6 11. Bxd7+ Nxd7 12. Be3 f6 13. Nd5 Bg4 14.
h4 h5 15. Rdg1 b5 16. Nd2 Kb7 17. c4 c6 18. Nc3 Rhd8 19. b4 Be6 20. c5 Bc7 21.
Kb2 a5 22. f3 Nf8 23. Rd1 Ng6 24. g3 Nf8 25. Nb3 Bc4 26. Rh2 axb4 27. axb4 Rxd1
28. Nxd1 Ra4 29. Bd2 Ne6 30. Rf2 Nd4 31. Nc1 g5 32. Ne3 Be6 33. Nc2 Nxc2 34.
Kxc2 gxh4 35. gxh4 Ra8 36. Rg2 Rg8 37. Rxg8 Bxg8 38. Kd3 1/2-1/2

[Event "World Open: 7-Day"]
[Site "Philadelphia"]
[Date "2003.07.01"]
[Round "2"]
[White "Harmon, Clark R"]
[Black "Amador, Jorge E"]
[Result "*"]
[WhiteElo "2211"]
[BlackElo "1943"]
[PlyCount "55"]
[EventDate "2003.??.??"]

1. d4 f5 2. c4 Nf6 3. Nc3 d6 4. g3 g6 5. Bg2 Bg7 6. Nf3 O-O 7. O-O Nc6 8. b3 e5
9. dxe5 dxe5 10. Ba3 Re8 11. Nb5 e4 12. Ng5 Bd7 13. Rc1 a6 14. Nc3 h6 15. Nh3
g5 16. Rc2 Bf8 17. Bxf8 Rxf8 18. f3 Nb4 19. Rb2 Qe7 20. fxe4 fxe4 21. Nf2 e3
22. Nd3 Bc6 23. Nxb4 Qxb4 24. Qd4 Qe7 25. Bxc6 bxc6 26. Rf3 Rad8 27. Rb1 Qe5
28. Qxe5 *

[Event "World Open: 7-Day"]
[Site "Philadelphia"]
[Date "2003.07.01"]
[Round "2"]
[White "Carroll, Franklin"]
[Black "Burden, James L"]
[Result "0-1"]
[WhiteElo "1512"]
[BlackElo "2204"]
[PlyCount "37"]
[EventDate "2003.??.??"]

1. e4 c5 2. Nf3 d6 3. Bb5+ Nd7 4. O-O a6 5. Be2 Ngf6 6. Nc3 b5 7. d3 g6 8. Bf4
e5 9. Bg5 h6 10. Be3 Bg7 11. h3 O-O 12. Nh2 Kh7 13. f4 exf4 14. Bxf4 Ne5 15.
Nf3 b4 16. Nd5 Nxd5 17. exd5 Nxf3+ 18. Bxf3 Bxb2 19. Rb1 0-1

[Event "World Open: 7-Day "]
[Site "Philadelphia, PA"]
[Date "2003.07.02"]
[Round "3"]
[White "Yermolinsky, Alex"]
[Black "Hoekstra, Matthew"]
[Result "1/2-1/2"]
[WhiteElo "2614"]
[BlackElo "2368"]
[PlyCount "83"]
[EventDate "2003.??.??"]

1. Nf3 Nf6 2. d4 e6 3. Bg5 d5 4. e3 h6 5. Bh4 c5 6. Nbd2 Nc6 7. c3 cxd4 8. exd4
Be7 9. Bd3 Nh5 10. Bxe7 Qxe7 11. O-O O-O 12. Re1 Qc7 13. Rc1 Nf4 14. Bb1 b5 15.
Nb3 g6 16. Ne5 Nxe5 17. dxe5 f5 18. Nd4 Rb8 19. h4 Qg7 20. g3 Nh5 21. Kh2 Kh8
22. f4 Bd7 23. Bd3 Qe7 24. Qd2 Ng7 25. b4 Rfc8 26. Qf2 h5 27. Nb3 Be8 28. Re2
Kg8 29. Rec2 Kf8 30. Qe2 Qd8 31. Kg1 Bc6 32. Qf2 Qe7 33. Kf1 Kf7 34. Ke1 Ne8
35. Kd2 Qb7 36. Qe2 Nc7 37. Ra1 Na8 38. Nd4 a6 39. a4 Nc7 40. axb5 axb5 41.
Bxf5 exf5 42. e6+ 1/2-1/2

[Event "World Open: 7-Day "]
[Site "Philadelphia, PA"]
[Date "2003.07.02"]
[Round "3"]
[White "Belcher, Christopher"]
[Black "Sulskis, Sarunas"]
[Result "0-1"]
[WhiteElo "2014"]
[BlackElo "2637"]
[PlyCount "40"]
[EventDate "2003.??.??"]

1. e4 e5 2. Bc4 Bc5 3. Nf3 d6 4. d3 c6 5. Nc3 Bg4 6. Bxf7+ Kxf7 7. Nxe5+ dxe5
8. Qxg4 Nf6 9. Qf5 Qd7 10. Qxe5 Bxf2+ 11. Ke2 Bd4 12. Qf4 Re8 13. Be3 Bxe3 14.
Kxe3 Kg8 15. Kd2 Qg4 16. g3 Nbd7 17. Raf1 Ne5 18. h3 Qe6 19. g4 Rad8 20. Rf2
Ng6 0-1

[Event "World Open: 5-Day"]
[Site "Philadelphia, PA"]
[Date "2003.07.02"]
[Round "1"]
[White "Potter, John R"]
[Black "Benjamin, Joel"]
[Result "0-1"]
[WhiteElo "2239"]
[BlackElo "2673"]
[PlyCount "80"]
[EventDate "2003.??.??"]

1. d4 Nf6 2. c4 Nc6 3. d5 Ne5 4. e4 e6 5. f4 Ng6 6. e5 Ne4 7. Qf3 Bb4+ 8. Kd1
f5 9. Bd3 O-O 10. Bxe4 fxe4 11. Qxe4 d6 12. Nf3 Ba5 13. Nc3 dxe5 14. fxe5 exd5
15. cxd5 Bf5 16. Qd4 c5 17. Qxc5 Rc8 18. Qd4 Bxc3 19. bxc3 Qa5 20. Bd2 Qb5 21.
d6 Rc4 22. Qxa7 Nxe5 23. Nxe5 Qxe5 24. Qa3 Qd5 25. Re1 Rfc8 26. Kc1 h6 27. Re7
Qd3 28. Qb3 Kh7 29. Rc7 R8xc7 30. dxc7 Rxc7 31. a4 Bg6 32. Ra2 Rf7 33. Rc2 Rf1+
34. Kb2 Rf2 35. Kc1 Rxg2 36. h4 Rh2 37. a5 h5 38. Qa4 Rxd2 39. Kb2 Rxc2+ 40.
Qxc2 Qxc2+ 0-1

[Event "World Open: 5-Day"]
[Site "Philadelphia, PA"]
[Date "2003.07.02"]
[Round "1"]
[White "Ivanov, Alexander"]
[Black "Weeramantry, Sunil"]
[Result "1-0"]
[WhiteElo "2604"]
[BlackElo "2215"]
[PlyCount "37"]
[EventDate "2003.??.??"]

1. e4 d6 2. d4 Nf6 3. Nc3 g6 4. Be3 c6 5. h3 b5 6. e5 dxe5 7. dxe5 Qxd1+ 8.
Rxd1 Nfd7 9. Bd4 a6 10. e6 Nf6 11. Bb6 Nd5 12. Rxd5 cxd5 13. Nxd5 fxe6 14. Nc7+
Kd7 15. Nxa8 Bg7 16. Be3 Bb7 17. Nb6+ Kc6 18. c3 Be5 19. a4 1-0

[Event "World Open: 5-Day"]
[Site "Philadelphia, PA"]
[Date "2003.07.02"]
[Round "1"]
[White "Curdo, John A"]
[Black "Lapshun, Yury"]
[Result "0-1"]
[WhiteElo "2206"]
[BlackElo "2537"]
[PlyCount "58"]
[EventDate "2003.??.??"]

1. e4 c5 2. Nf3 e6 3. d4 cxd4 4. Nxd4 Nc6 5. Nxc6 bxc6 6. Bd3 d5 7. O-O Nf6 8.
Nd2 Be7 9. Qe2 O-O 10. b3 a5 11. Bb2 a4 12. c4 Ba6 13. Kh1 dxc4 14. Bxc4 Qa5
15. Rac1 Rfd8 16. Bc3 Bb4 17. Bxb4 Qxb4 18. Rfd1 Bb5 19. e5 Nd5 20. Qf3 axb3
21. Bxb3 Nf4 22. Nc4 Ng6 23. Nb6 Rab8 24. Qe3 Rxd1+ 25. Rxd1 c5 26. Rd6 c4 27.
Bd1 Be8 28. a3 Qb5 29. f4 c3 0-1

[Event "World Open: 5-Day"]
[Site "Philadelphia, PA"]
[Date "2003.07.02"]
[Round "1"]
[White "Barsky, Sam"]
[Black "Paschall, William"]
[Result "0-1"]
[WhiteElo "2200"]
[BlackElo "2494"]
[PlyCount "84"]
[EventDate "2003.??.??"]

1. d4 Nf6 2. c4 e6 3. Nc3 Bb4 4. g3 c5 5. d5 b5 6. Bg2 Bb7 7. Nh3 bxc4 8. e4
exd5 9. exd5 O-O 10. O-O Bxc3 11. bxc3 d6 12. g4 Bc8 13. f3 Re8 14. Nf2 Nfd7
15. Bf4 Ne5 16. Rb1 Nbd7 17. Bg3 Nb6 18. Re1 Bd7 19. Bxe5 dxe5 20. Qd2 Bc6 21.
f4 Nxd5 22. Rbd1 Ne7 23. Rxe5 Qxd2 24. Rxd2 Bxg2 25. Kxg2 Ng6 26. Rxc5 Nxf4+
27. Kf3 Ng6 28. Kg2 Ne5 29. g5 Re6 30. Nh3 f6 31. Nf4 Ra6 32. gxf6 gxf6 33. Kh3
Kh8 34. Rg2 Rg8 35. Rg3 Rxa2 36. Nh5 Nd7 37. Rxc4 Rf8 38. Rc7 Ra5 39. Ng7 Rg8
40. Ne6 Re5 41. Rxd7 Rxe6 42. Rf3 f5 0-1

[Event "World Open: 5-Day"]
[Site "Philadelphia, PA"]
[Date "2003.07.02"]
[Round "1"]
[White "Zatonskih, Anna"]
[Black "Magar, Thomas P"]
[Result "1-0"]
[WhiteElo "2475"]
[BlackElo "2200"]
[PlyCount "97"]
[EventDate "2003.??.??"]

1. e4 c5 2. g3 Nc6 3. Bg2 g6 4. f4 d6 5. d3 Bg7 6. Nf3 e6 7. O-O Nge7 8. c3 O-O
9. Be3 b6 10. a4 Bb7 11. Bf2 Rc8 12. Na3 Qd7 13. Re1 Rfd8 14. g4 f6 15. h4 Kh8
16. Bh3 Rg8 17. Kh2 Rce8 18. Qe2 Bc8 19. Rad1 d5 20. e5 f5 21. g5 Rgf8 22. h5
Rf7 23. Nb5 Kg8 24. Nd6 Rd8 25. Nxf7 Kxf7 26. Rb1 Bf8 27. b4 cxb4 28. cxb4 Ng8
29. Qd2 Bb7 30. Kg3 Rc8 31. Bg2 a5 32. hxg6+ Kxg6 33. b5 Nb4 34. Bxb6 Rc2 35.
Qd1 d4 36. Bxa5 Rxg2+ 37. Kxg2 Nd5 38. Bd2 Bc5 39. a5 Nge7 40. Kg3 Ne3 41. Bxe3
dxe3 42. Nh4+ Kg7 43. a6 Bc8 44. d4 Bb6 45. Rh1 Qd5 46. Qh5 Qa2 47. Rbf1 e2 48.
Re1 Qb3+ 49. Nf3 1-0

[Event "World Open: 5-Day"]
[Site "Philadelphia, PA"]
[Date "2003.07.02"]
[Round "1"]
[White "Wright, William B"]
[Black "Bonin, Jay R"]
[Result "1/2-1/2"]
[WhiteElo "2200"]
[BlackElo "2440"]
[PlyCount "57"]
[EventDate "2003.??.??"]

1. d4 Nf6 2. c4 g6 3. Nc3 Bg7 4. e4 d6 5. Nf3 O-O 6. Be2 e5 7. O-O exd4 8. Nxd4
Re8 9. f3 Nc6 10. Nxc6 bxc6 11. Bg5 h6 12. Bh4 Rb8 13. Qc2 g5 14. Bf2 c5 15.
Rad1 Qe7 16. Rfe1 Qf8 17. b3 Nd7 18. Nd5 Rb7 19. h4 Be5 20. hxg5 hxg5 21. g3
Qg7 22. Kg2 Nf8 23. Rh1 Ne6 24. Rdg1 c6 25. Ne3 Nd4 26. Qd3 Nxe2 27. Qxe2 Rbe7
28. g4 Bd4 29. Bg3 1/2-1/2

[Event "World Open: 7-Day "]
[Site "Philadelphia, PA"]
[Date "2003.07.02"]
[Round "3"]
[White "Burden, James L"]
[Black "Popovych, Orest"]
[Result "0-1"]
[WhiteElo "2204"]
[BlackElo "2331"]
[PlyCount "54"]
[EventDate "2003.??.??"]

1. e4 c5 2. Nf3 d6 3. d4 cxd4 4. Nxd4 Nf6 5. Nc3 a6 6. Bc4 e6 7. Be3 b5 8. Bb3
Bb7 9. f3 b4 10. Nce2 Nbd7 11. g4 h6 12. Qd2 d5 13. Ng3 dxe4 14. Bxe6 fxe6 15.
Nxe6 Qa5 16. fxe4 Ne5 17. Qe2 Bc8 18. g5 Bxe6 19. gxf6 Bg4 20. Qg2 Nf3+ 21. Kf2
Nh4 22. Qf1 Qe5 23. Qc4 Qxf6+ 24. Nf5 Nxf5 25. exf5 Qxf5+ 26. Bf4 Qc5+ 27. Qxc5
Bxc5+ 0-1

[Event "World Open: 7-Day "]
[Site "Philadelphia, PA"]
[Date "2003.07.02"]
[Round "3"]
[White "Belcher, Noah"]
[Black "Nelson , A."]
[Result "0-1"]
[WhiteElo "1989"]
[BlackElo "2248"]
[PlyCount "86"]
[EventDate "2003.??.??"]

1. d4 Nf6 2. c4 e6 3. Nc3 d5 4. Bg5 Be7 5. e3 b6 6. Bd3 Bb7 7. Nf3 Nbd7 8. O-O
O-O 9. Qe2 Ne4 10. Bxe7 Qxe7 11. Nd2 f5 12. f3 Nxd2 13. Qxd2 Qg5 14. Qe2 Qf6
15. Qf2 c5 16. f4 Qe7 17. Rfd1 Rac8 18. b3 Kh8 19. Rac1 h6 20. h4 Nf6 21. Be2
Rfd8 22. cxd5 Bxd5 23. Bf3 Bxf3 24. Qxf3 Ng4 25. g3 cxd4 26. exd4 Qb4 27. Qd3
Qa3 28. Qd2 a6 29. Na4 Rxc1 30. Rxc1 Qd6 31. Rd1 b5 32. Nc5 Qc6 33. Qe2 Rd6 34.
b4 Qd5 35. Rd2 e5 36. Nb3 e4 37. Rc2 Rc6 38. Rc5 Rxc5 39. bxc5 e3 40. Qg2 Qc4
41. Qc6 Qc2 42. Qg2 Qd1+ 43. Qf1 e2 0-1

[Event "World Open: 7-Day "]
[Site "Philadelphia, PA"]
[Date "2003.07.02"]
[Round "3"]
[White "Patterson, R."]
[Black "Owen, Steven"]
[Result "1-0"]
[WhiteElo "2197"]
[BlackElo "2048"]
[PlyCount "89"]
[EventDate "2003.??.??"]

1. e4 c5 2. Nf3 e6 3. d4 cxd4 4. Nxd4 Nf6 5. Bd3 a6 6. O-O d6 7. c4 Be7 8. Nc3
O-O 9. Be3 Nbd7 10. Rc1 Qc7 11. f4 b6 12. Kh1 Nc5 13. f5 Nxd3 14. Qxd3 Ng4 15.
Bg1 Bf6 16. Qh3 Ne5 17. b3 Bd7 18. Nce2 Nc6 19. Nf3 exf5 20. exf5 Qc8 21. Ng3
g6 22. Bxb6 Ne7 23. Bd4 Be5 24. Nxe5 dxe5 25. Bxe5 Nxf5 26. Nxf5 Bxf5 27. Qh4
f6 28. Bxf6 Qe6 29. Bc3 Be4 30. Qg3 Rad8 31. Rxf8+ Rxf8 32. h3 Qf5 33. Re1 h5
34. Kh2 g5 35. Qe5 Qxe5+ 36. Bxe5 Bc6 37. Re2 h4 38. Bd6 Rf6 39. Be7 Rf5 40.
Kg1 Kf7 41. Bd8 Rc5 42. Re7+ Kg6 43. Rc7 Kf5 44. Be7 Re5 45. Bd6 1-0

[Event "World Open: 5-Day"]
[Site "Philadelphia, PA"]
[Date "2003.07.02"]
[Round "1"]
[White "Annakov, Babakouly"]
[Black "Francisco, Richard"]
[Result "1-0"]
[WhiteElo "2527"]
[BlackElo "2204"]
[PlyCount "59"]
[EventDate "2003.??.??"]

1. d4 d5 2. c4 c6 3. Nf3 Nf6 4. Nc3 a6 5. g3 b5 6. b3 Bf5 7. Bg2 e6 8. O-O Bd6
9. Ne5 O-O 10. Bb2 Ra7 11. Re1 bxc4 12. bxc4 Rb7 13. Qc1 Qa5 14. e4 dxe4 15.
Nxe4 Nxe4 16. Bxe4 Bxe4 17. Rxe4 c5 18. Bc3 Qc7 19. d5 f6 20. Nd3 exd5 21. cxd5
f5 22. Re6 f4 23. Be5 Bxe5 24. Nxe5 fxg3 25. hxg3 Rb6 26. Rxb6 Qxb6 27. Qe3 Qb2
28. Re1 Re8 29. Qf4 Re7 30. Kg2 1-0

[Event "World Open: 5-Day"]
[Site "Philadelphia, PA"]
[Date "2003.07.02"]
[Round "1"]
[White "Yanayt, Eugene"]
[Black "Zaremba, Andrei A"]
[Result "1/2-1/2"]
[WhiteElo "2179"]
[BlackElo "2387"]
[PlyCount "51"]
[EventDate "2003.??.??"]

1. d4 d5 2. c4 c6 3. Nf3 Nf6 4. Qc2 dxc4 5. a4 Bg4 6. Qxc4 Bxf3 7. gxf3 Nbd7 8.
Qb3 Qb6 9. Qxb6 axb6 10. e4 e5 11. Be3 Bb4+ 12. Kd1 exd4 13. Bxd4 Bc5 14. Be3
Bxe3 15. fxe3 Nc5 16. Nc3 b5 17. a5 b4 18. Nb1 Ke7 19. Kc2 Rhd8 20. Be2 b6 21.
a6 b5 22. Nd2 Nxa6 23. Nb3 Rdc8 24. Rhd1 Ne8 25. Nd4 g6 26. Ra5 1/2-1/2

[Event "World Open: 5-Day"]
[Site "Philadelphia, PA"]
[Date "2003.07.02"]
[Round "1"]
[White "Friedel, Joshua E"]
[Black "Kiewra, Keaton F"]
[Result "1/2-1/2"]
[WhiteElo "2379"]
[BlackElo "2156"]
[PlyCount "66"]
[EventDate "2003.??.??"]

1. e4 c5 2. Nf3 d6 3. d4 Nf6 4. Nc3 cxd4 5. Nxd4 g6 6. Be3 Bg7 7. f3 Nc6 8. Qd2
O-O 9. Bc4 Bd7 10. O-O-O Rb8 11. h4 Nxd4 12. Bxd4 b5 13. Bb3 a5 14. a4 bxa4 15.
Nxa4 Bxa4 16. Bxa4 Nxe4 17. fxe4 Bxd4 18. Qxd4 Rb4 19. Qe3 Rxa4 20. h5 Ra1+ 21.
Kd2 Rxd1+ 22. Kxd1 Qd7 23. Kc1 Qe6 24. Qd4 Qa2 25. Kd2 Rc8 26. hxg6 fxg6 27.
Rf1 Qe6 28. b3 Rc5 29. Qf2 Rc8 30. Qd4 Qg4 31. Qd5+ Kh8 32. Qd4+ e5 33. Qxd6
Rxc2+ 1/2-1/2

[Event "World Open: 5-Day"]
[Site "Philadelphia, PA"]
[Date "2003.07.02"]
[Round "1"]
[White "Collyer, Curt D"]
[Black "Vigorito, David E"]
[Result "0-1"]
[WhiteElo "2155"]
[BlackElo "2367"]
[PlyCount "70"]
[EventDate "2003.??.??"]

1. c4 g6 2. g3 Bg7 3. Bg2 e5 4. Nc3 Ne7 5. e4 O-O 6. Nge2 c5 7. O-O Nbc6 8. d3
d6 9. f4 exf4 10. Bxf4 Be6 11. Qd2 Qd7 12. Bh6 Rab8 13. Bxg7 Kxg7 14. Nd5 Bxd5
15. cxd5 Ne5 16. d4 cxd4 17. Nxd4 Nc8 18. Rf4 h6 19. Raf1 Nb6 20. b3 Qe7 21. h4
h5 22. Bh3 Nbd7 23. Bxd7 Qxd7 24. Rf6 Qg4 25. Qe3 Rbd8 26. Kg2 Kg8 27. Nb5 Qd7
28. Qe2 a6 29. Nd4 Ng4 30. R6f4 Rc8 31. Qd2 Qe7 32. Nf3 Rc2 33. Qxc2 Ne3+ 34.
Kh2 Nxc2 35. Ng5 Ne3 0-1

[Event "World Open: 5-Day"]
[Site "Philadelphia, PA"]
[Date "2003.07.02"]
[Round "1"]
[White "Aramil, William J"]
[Black "Sharafuddin, Khaled"]
[Result "0-1"]
[WhiteElo "2151"]
[BlackElo "2355"]
[PlyCount "70"]
[EventDate "2003.??.??"]

1. e4 e6 2. Nf3 b6 3. d4 Bb7 4. Bd3 c5 5. c3 Ne7 6. O-O Nbc6 7. a3 Ng6 8. g3 d6
9. h4 Qc7 10. d5 exd5 11. exd5 Nce5 12. Bb5+ Kd8 13. h5 Nxf3+ 14. Qxf3 Ne5 15.
Qe4 a6 16. Be2 Qd7 17. c4 Kc7 18. Nc3 g6 19. b4 f5 20. Qf4 Be7 21. bxc5 bxc5
22. Rb1 g5 23. Qd2 f4 24. Qb2 Rab8 25. Qb6+ Kc8 26. Kg2 Bd8 27. Qb3 f3+ 28.
Bxf3 Nxf3 29. Kxf3 Bxd5+ 30. Nxd5 Rxb3+ 31. Rxb3 Qf5+ 32. Ke3 Re8+ 33. Kd2 Ba5+
34. Kd1 Qg4+ 35. f3 Qd4+ 0-1

[Event "World Open: 5-Day"]
[Site "Philadelphia, PA"]
[Date "2003.07.02"]
[Round "1"]
[White "Yoshiharu, Habu"]
[Black "Balbutin, Nelson O"]
[Result "1-0"]
[WhiteElo "2351"]
[BlackElo "2151"]
[PlyCount "78"]
[EventDate "2003.??.??"]

1. e4 c5 2. Nf3 a6 3. c4 e6 4. Nc3 Nc6 5. d4 cxd4 6. Nxd4 Qc7 7. Be2 Nf6 8. O-O
d6 9. Be3 Be7 10. Rc1 O-O 11. f3 Ne5 12. b3 b6 13. Qd2 Bb7 14. Rfd1 Rac8 15.
Kh1 Rfd8 16. Bf1 Qb8 17. Qf2 b5 18. cxb5 d5 19. bxa6 Ba8 20. exd5 Ba3 21. Rc2
exd5 22. a7 Qb7 23. Ncb5 Bc5 24. Rdc1 Bxd4 25. Bxd4 Nc6 26. Bxf6 gxf6 27. Qg3+
Kh8 28. Nd6 Qxa7 29. Nxc8 Rxc8 30. Qf4 Qe7 31. Bd3 Rg8 32. Re2 Qd8 33. Qh6 Rg7
34. Rce1 Ne5 35. f4 d4 36. fxe5 fxe5 37. Rf2 Qe7 38. Be4 Bxe4 39. Rxe4 d3 1-0

[Event "World Open: 5-Day"]
[Site "Philadelphia, PA"]
[Date "2003.07.02"]
[Round "1"]
[White "Kordahl"]
[Black "Bereolos, Peter J"]
[Result "0-1"]
[WhiteElo "2108"]
[BlackElo "2327"]
[PlyCount "92"]
[EventDate "2003.??.??"]

1. e4 e5 2. Nf3 Nc6 3. Bb5 a6 4. Ba4 Nf6 5. O-O Nxe4 6. d4 b5 7. Bb3 d5 8. dxe5
Be6 9. Qe2 Be7 10. Rd1 O-O 11. c4 bxc4 12. Bxc4 Qd7 13. Bxd5 Bxd5 14. Qxe4 Bxe4
15. Rxd7 Bxf3 16. gxf3 Rfd8 17. Rxd8+ Rxd8 18. Nc3 Nxe5 19. Kg2 Nd3 20. Rb1
Ne1+ 21. Kg3 Rd6 22. Bg5 Bxg5 23. Rxe1 f5 24. Rd1 Bd2 25. Kg2 Kf7 26. Nb1 Rg6+
27. Kf1 Bf4 28. h3 Rc6 29. Nc3 Be5 30. Rd3 Rb6 31. b3 Rc6 32. Nd5 Rc1+ 33. Ke2
Ke6 34. a4 f4 35. Nb4 Bc3 36. Rxc3 Rxc3 37. Nxa6 Kd6 38. b4 Ra3 39. Nc5 Kd5 40.
a5 c6 41. a6 g5 42. Ne4 h6 43. Nf6+ Kc4 44. Ng4 Rxa6 45. Nxh6 Kxb4 46. Nf7 Ra5
0-1

[Event "World Open: 5-Day"]
[Site "Philadelphia, PA"]
[Date "2003.07.03"]
[Round "2"]
[White "Lapshun, Yury"]
[Black "Sinn, Robert M"]
[Result "1-0"]
[WhiteElo "2537"]
[BlackElo "2282"]
[PlyCount "35"]
[EventDate "2003.??.??"]

1. b4 e5 2. Bb2 Bxb4 3. Bxe5 Nf6 4. c4 O-O 5. Nf3 Nc6 6. Bb2 Re8 7. e3 d5 8.
cxd5 Nxd5 9. Be2 Rxe3 10. fxe3 Nxe3 11. Qb3 Nxg2+ 12. Kd1 Be6 13. Qd3 Qe7 14.
Nd4 Nf4 15. Nxc6 bxc6 16. Qd4 Bb3+ 17. axb3 Qxe2+ 18. Kc2 1-0

[Event "World Open: 5-Day"]
[Site "Philadelphia, PA"]
[Date "2003.07.03"]
[Round "2"]
[White "Burnett, Ronald W"]
[Black "Anderson, Renard W"]
[Result "1-0"]
[WhiteElo "2503"]
[BlackElo "2271"]
[PlyCount "81"]
[EventDate "2003.??.??"]

1. e4 c5 2. Nf3 d6 3. Bc4 Nf6 4. Qe2 Nc6 5. c3 e6 6. Bb3 Be7 7. O-O O-O 8. d4
cxd4 9. cxd4 Re8 10. Nc3 b6 11. Ba4 Bd7 12. e5 Nd5 13. Nxd5 exd5 14. e6 Bf6 15.
exf7+ Kxf7 16. Qb5 Rc8 17. Qxd5+ Be6 18. Qh5+ Kg8 19. Ng5 Bxg5 20. Bxg5 Qd7 21.
Rfe1 Qf7 22. Qxf7+ Kxf7 23. Rac1 Bd7 24. Rxe8 Kxe8 25. a3 a6 26. Bc2 Kf7 27.
Bf5 Be6 28. Bd3 b5 29. Bf4 d5 30. Be3 h6 31. f3 Ke7 32. Kf2 Kd7 33. g4 Rf8 34.
Kg3 g5 35. Rh1 Na5 36. h4 Nc4 37. Bc1 h5 38. gxh5 gxh4+ 39. Rxh4 Nd6 40. Rf4
Rg8+ 41. Kf2 1-0

[Event "World Open: 5-Day"]
[Site "Philadelphia, PA"]
[Date "2003.07.03"]
[Round "2"]
[White "Paschall, William"]
[Black "Betaneli, Alexander"]
[Result "1-0"]
[WhiteElo "2494"]
[BlackElo "2263"]
[PlyCount "77"]
[EventDate "2003.??.??"]

1. d4 Nf6 2. c4 e6 3. Nf3 Bb4+ 4. Bd2 Qe7 5. Nc3 Bxc3 6. Bxc3 Ne4 7. Rc1 O-O 8.
g3 Nxc3 9. Rxc3 d6 10. Bg2 Nc6 11. d5 Nd8 12. dxe6 Nxe6 13. O-O Bd7 14. Re1 Bc6
15. e4 a5 16. Rce3 Qd8 17. Nd2 Nc5 18. Qc2 Rb8 19. Nb1 b5 20. cxb5 Rxb5 21. Nc3
Rb4 22. Nd5 Bxd5 23. exd5 Qf6 24. b3 g6 25. h4 a4 26. Rf3 axb3 27. axb3 Qd8 28.
h5 Qg5 29. hxg6 Qxg6 30. Qd1 Rfb8 31. Ree3 Qh5 32. Qc2 Rd4 33. Bf1 Re4 34. Rxe4
Qxf3 35. Rh4 h5 36. Rf4 Qxb3 37. Qf5 Qb1 38. Qxf7+ Kh8 39. Rf5 1-0

[Event "World Open: 5-Day"]
[Site "Philadelphia, PA"]
[Date "2003.07.03"]
[Round "2"]
[White "Sharafuddin, Khaled"]
[Black "Knecht, Mark E"]
[Result "1-0"]
[WhiteElo "2355"]
[BlackElo "2104"]
[PlyCount "51"]
[EventDate "2003.??.??"]

1. d4 d5 2. Nf3 Nf6 3. Bg5 Ne4 4. Bh4 c5 5. dxc5 Qa5+ 6. Nbd2 Nc6 7. c3 Qxc5 8.
e3 Nxd2 9. Qxd2 e5 10. b4 Qd6 11. b5 Ne7 12. Rd1 f6 13. e4 Be6 14. Bc4 Rc8 15.
Bb3 d4 16. Bxe6 Qxe6 17. cxd4 exd4 18. O-O Ng6 19. Nxd4 Qd7 20. Qe2 Nxh4 21.
Nf5 Qc7 22. Nxh4 Bd6 23. Qh5+ g6 24. Nxg6 Bxh2+ 25. Kh1 Qf7 26. Qh3 1-0

[Event "World Open: 5-Day"]
[Site "Philadelphia, PA"]
[Date "2003.07.03"]
[Round "2"]
[White "Morshedi, Ali"]
[Black "Brustman, Agnieszka"]
[Result "1-0"]
[WhiteElo "2170"]
[BlackElo "2404"]
[PlyCount "49"]
[EventDate "2003.??.??"]

1. e4 e6 2. d4 d5 3. Nd2 c5 4. Ngf3 Nc6 5. exd5 exd5 6. Bb5 Bd6 7. dxc5 Bxc5 8.
Nb3 Bd6 9. Bg5 Nge7 10. O-O O-O 11. Nbd4 Qb6 12. Qd3 Bg4 13. Ba4 a6 14. c3 Bh5
15. Nh4 Nxd4 16. cxd4 Rac8 17. Bb3 Rfd8 18. Rfe1 Rd7 19. Qh3 Qd8 20. Nf5 f6 21.
Nxd6 Rxd6 22. Bf4 Rd7 23. Qxh5 Nc6 24. Rac1 Qa5 25. Re8+ 1-0

[Event "World Open: 5-Day"]
[Site "Philadelphia, PA"]
[Date "2003.07.03"]
[Round "2"]
[White "Shivaji, Shivkumar K"]
[Black "Montgomery, Parker"]
[Result "1-0"]
[WhiteElo "2285"]
[BlackElo "2002"]
[PlyCount "53"]
[EventDate "2003.??.??"]

1. e4 e5 2. f4 d5 3. exd5 exf4 4. Nf3 Nf6 5. Bc4 Bd6 6. O-O O-O 7. d4 Bg4 8.
Bb3 Re8 9. c4 g5 10. Nc3 Nbd7 11. Qd3 Bxf3 12. Qxf3 Qe7 13. c5 Bxc5 14. dxc5
Ne5 15. Qf2 Nfg4 16. Qd4 Qf6 17. Qd1 Nxh2 18. Kxh2 Qh6+ 19. Kg1 Qh4 20. Bxf4
gxf4 21. Qd4 Ng6 22. Ne4 Re5 23. d6 cxd6 24. cxd6 Qd8 25. Rxf4 Nxf4 26. Qxe5
Qb6+ 27. Kh2 1-0

[Event "World Open: 5-Day"]
[Site "Philadelphia, PA"]
[Date "2003.07.03"]
[Round "2"]
[White "Weeramantry, Sunil"]
[Black "Ciuca, Elena C"]
[Result "1-0"]
[WhiteElo "2215"]
[BlackElo "2075"]
[PlyCount "32"]
[EventDate "2003.??.??"]

1. e4 e5 2. Nf3 Nc6 3. d4 exd4 4. Bc4 Nf6 5. e5 d5 6. Bb5 Ne4 7. Nxd4 Bc5 8.
Be3 Bd7 9. Bxc6 bxc6 10. Nd2 Nxd2 11. Qxd2 O-O 12. O-O Re8 13. Nb3 Bf8 14. f4
Bf5 15. Qc3 Re6 16. Nd4 Be4 1-0

[Event "World Open 5-day"]
[Site "Philadelphia"]
[Date "2003.07.02"]
[Round "1"]
[White "Delaune, Richard"]
[Black "Caruana, Fabiano"]
[Result "1-0"]
[WhiteElo "2355"]
[BlackElo "2154"]
[PlyCount "101"]
[EventDate "2003.07.03"]

1. c4 Nf6 2. Nc3 d5 3. cxd5 Nxd5 4. g3 e6 5. Bg2 b6 6. Qa4+ Bd7 7. Qb3 Bc6 8.
Nf3 Nd7 9. d4 Nxc3 10. Qxc3 Bd5 11. O-O Bd6 12. Nd2 Bxg2 13. Kxg2 O-O 14. Rd1
Nf6 15. Qf3 c5 16. Nc4 Be7 17. Be3 Qd5 18. Rac1 b5 19. Ne5 c4 20. Nc6 Bd6 21.
Bf4 Rfc8 22. Bxd6 Rxc6 23. Qxd5 exd5 24. Bf4 Re8 25. Rc2 b4 26. f3 Ra6 27. b3
c3 28. Kf2 Nd7 29. Rd3 Rc6 30. Re3 Rxe3 31. Kxe3 f5 32. Kd3 Kf7 33. Bc1 Kf6 34.
a3 a5 35. axb4 axb4 36. Ra2 Rb6 37. h4 Nb8 38. Ra5 Ke6 39. Ra7 Nd7 40. Bf4 Rc6
41. Kc2 Rb6 42. Bc7 Rb5 43. Ra6+ Ke7 44. Bd6+ Kf7 45. Ra4 Rb6 46. Bxb4 Re6 47.
Kd3 c2 48. Bd2 Rg6 49. Ra7 Ke8 50. Kxc2 Rxg3 51. Ra5 1-0

[Event "World Open 5-day"]
[Site "Philadelphia"]
[Date "2003.07.02"]
[Round "1"]
[White "Rouleau, John"]
[Black "Ciuca, Elena"]
[Result "1-0"]
[WhiteElo "2304"]
[BlackElo "2075"]
[PlyCount "81"]
[EventDate "2003.07.03"]

1. e4 e5 2. Nf3 Nc6 3. c3 Nf6 4. d4 d6 5. Bd3 Be7 6. Nbd2 O-O 7. Nf1 Ne8 8. Ng3
g6 9. Bh6 Ng7 10. h4 exd4 11. cxd4 Bg4 12. Bc4 Bf6 13. Be3 Bxf3 14. gxf3 Bxh4
15. Qd2 h5 16. O-O-O a6 17. f4 Kh7 18. f5 Bf6 19. f4 Qd7 20. e5 dxe5 21. fxe5
Nxe5 22. dxe5 Qxd2+ 23. Rxd2 Bxe5 24. fxg6+ fxg6 25. Ne4 Bf4 26. Bxf4 Rxf4 27.
Ng5+ Kh6 28. Nf7+ Kh7 29. Bb3 c5 30. Rd7 c4 31. Bc2 Rf8 32. Ne5 b5 33. Bxg6+
Kh6 34. Rhd1 h4 35. R1d6 R8f6 36. Bc2 Ne8 37. Rh7+ Kg5 38. Rd5 Rf1+ 39. Bd1
R6f5 40. Rh5+ Kf6 41. Nd7+ 1-0